[Event "New Zealand Junior Championship"]
[Site "Wellington"]
[Date "2023.01.03"]
[Round "1.7"]
[White "Zhou, Martin"]
[Black "Kerr, Atlas"]
[Result "1-0"]
[WhiteElo "1061"]
[BlackElo "1953"]

1. c4 {[%clk 01:00:33] [%emt 00:00:25]} 1... e5 {[%clk 01:00:37] [%emt
00:00:24]} 2. Nc3 {[%clk 00:59:57] [%emt 00:01:05]} 2... Nf6 {[%clk 01:00:23]
[%emt 00:00:45]} 3. d3 {[%clk 01:00:06] [%emt 00:00:19]} 3... c6 {[%clk
01:00:02] [%emt 00:00:51]} 4. Bg5 {[%clk 01:00:23] [%emt 00:00:13]} 4... Be7
{[%clk 01:00:06] [%emt 00:00:26]} 5. Bxf6 {[%clk 01:00:34] [%emt 00:00:20]}
5... Bxf6 {[%clk 01:00:14] [%emt 00:00:23]} 6. Nf3 {[%clk 01:00:45] [%emt
00:00:20]} 6... O-O {[%clk 01:00:13] [%emt 00:00:30]} 7. Qb3 {[%clk 00:59:34]
[%emt 00:01:41]} 7... d6 {[%clk 00:59:31] [%emt 00:01:11]} 8. g3 {[%clk
00:58:18] [%emt 00:01:46]} 8... Nd7 {[%clk 00:59:11] [%emt 00:00:51]} 9. Nd2
{[%clk 00:57:27] [%emt 00:01:22]} 9... Nc5 {[%clk 00:58:36] [%emt 00:01:05]}
10. Qc2 {[%clk 00:57:36] [%emt 00:00:18]} 10... Bf5 {[%clk 00:56:00] [%emt
00:03:09]} 11. Bg2 {[%clk 00:54:27] [%emt 00:03:38]} 11... Ne6 {[%clk 00:52:48]
[%emt 00:03:42]} 12. e3 {[%clk 00:49:57] [%emt 00:05:00]} 12... Rc8 {[%clk
00:50:52] [%emt 00:02:26]} 13. Be4 {[%clk 00:46:53] [%emt 00:03:34]} 13... Bh3
{[%clk 00:46:14] [%emt 00:05:08]} 14. O-O-O {[%clk 00:45:23] [%emt 00:02:00]}
14... Ng5 {[%clk 00:43:11] [%emt 00:03:33]} 15. Kb1 {[%clk 00:42:57] [%emt
00:02:56]} 15... b5 {[%clk 00:41:42] [%emt 00:01:59]} 16. f4 {[%clk 00:41:29]
[%emt 00:01:56]} 16... Nxe4 {[%clk 00:41:07] [%emt 00:01:05]} 17. dxe4 {[%clk
00:40:51] [%emt 00:01:08]} 17... Be6 {[%clk 00:38:48] [%emt 00:02:50]} 18. f5
{[%clk 00:39:40] [%emt 00:01:41]} 18... Bxc4 {[%clk 00:38:46] [%emt 00:00:32]}
19. Nxc4 {[%clk 00:39:43] [%emt 00:00:26]} 19... bxc4 {[%clk 00:39:03] [%emt
00:00:14]} 20. h4 {[%clk 00:39:45] [%emt 00:00:27]} 20... Rb8 {[%clk 00:37:14]
[%emt 00:02:20]} 21. Qd2 {[%clk 00:39:28] [%emt 00:00:46]} 21... Qb6 {[%clk
00:36:23] [%emt 00:01:21]} 22. g4 {[%clk 00:39:03] [%emt 00:00:54]} 22... Be7
{[%clk 00:36:03] [%emt 00:00:50]} 23. g5 {[%clk 00:38:31] [%emt 00:01:03]}
23... f6 {[%clk 00:35:51] [%emt 00:00:42]} 24. Rdg1 {[%clk 00:38:11] [%emt
00:00:50]} 24... Rb7 {[%clk 00:33:35] [%emt 00:02:47]} 25. Ka1 {[%clk 00:34:46]
[%emt 00:03:55]} 25... Rfb8 {[%clk 00:32:40] [%emt 00:01:25]} 26. Rb1 {[%clk
00:34:19] [%emt 00:00:57]} 26... Qc5 {[%clk 00:29:19] [%emt 00:03:51]} 27. Rhg1
{[%clk 00:32:42] [%emt 00:02:06]} 27... a5 {[%clk 00:28:37] [%emt 00:01:14]}
28. gxf6 {[%clk 00:31:05] [%emt 00:02:06]} 28... Bxf6 {[%clk 00:28:53] [%emt
00:00:15]} 29. h5 {[%clk 00:31:15] [%emt 00:00:19]} 29... h6 {[%clk 00:28:43]
[%emt 00:00:40]} 30. Rg6 {[%clk 00:30:09] [%emt 00:01:36]} 30... Rd8 {[%clk
00:28:03] [%emt 00:01:10]} 31. Qg2 {[%clk 00:29:47] [%emt 00:00:51]} 31... Bg5
{[%clk 00:21:46] [%emt 00:06:47]} 32. Re1 {[%clk 00:27:41] [%emt 00:02:37]}
32... Rf8 {[%clk 00:17:19] [%emt 00:04:57]} 33. Rd1 {[%clk 00:27:23] [%emt
00:00:47]} 33... Rf6 {[%clk 00:16:34] [%emt 00:01:16]} 34. Re1 {[%clk 00:26:41]
[%emt 00:01:11]} 34... Rbf7 {[%clk 00:16:34] [%emt 00:00:31]} 35. Qc2 {[%clk
00:26:45] [%emt 00:00:25]} 35... d5 {[%clk 00:15:02] [%emt 00:02:03]} 36. Rc1
{[%clk 00:26:23] [%emt 00:00:49]} 36... Bxe3 {[%clk 00:14:27] [%emt 00:01:08]}
37. Rxf6 {[%clk 00:25:56] [%emt 00:00:57]} 37... Rxf6 {[%clk 00:14:33] [%emt
00:00:24]} 38. Rd1 {[%clk 00:26:04] [%emt 00:00:20]} 38... d4 {[%clk 00:14:00]
[%emt 00:01:05]} 39. Na4 {[%clk 00:26:04] [%emt 00:00:26]} 39... Qb5 {[%clk
00:13:19] [%emt 00:01:15]} 40. Rb1 {[%clk 00:25:27] [%emt 00:01:08]} 40... c5
{[%clk 00:11:35] [%emt 00:02:14]} 41. b3 {[%clk 00:25:10] [%emt 00:00:47]}
41... c3 {[%clk 00:10:22] [%emt 00:01:43]} 42. Rd1 {[%clk 00:24:53] [%emt
00:00:46]} 42... Bd2 {[%clk 00:09:31] [%emt 00:01:22]} 43. Rg1 {[%clk 00:24:18]
[%emt 00:01:05]} 43... Be3 {[%clk 00:08:20] [%emt 00:01:41]} 44. Rd1 {[%clk
00:24:18] [%emt 00:00:29]} 44... Rd6 {[%clk 00:08:30] [%emt 00:00:19]} 45. Nxc3
{[%clk 00:23:59] [%emt 00:00:51]} 45... Qe8 {[%clk 00:06:27] [%emt 00:02:33]}
46. Nd5 {[%clk 00:23:50] [%emt 00:00:38]} 46... Rc6 {[%clk 00:06:13] [%emt
00:00:43]} 47. Qc4 {[%clk 00:23:43] [%emt 00:00:38]} 47... Bg5 {[%clk 00:06:00]
[%emt 00:00:43]} 48. Nf6+ {[%clk 00:23:59] [%emt 00:00:14]} 1-0

[Event "New Zealand Junior Championship"]
[Site "Wellington"]
[Date "2023.01.03"]
[Round "1.8"]
[White "Paxton, Levi"]
[Black "Zhang, Franklyn"]
[Result "1-0"]
[WhiteElo "1912"]
[BlackElo "1044"]

1. d4 {[%clk 01:00:53] [%emt 00:00:07]} 1... d5 {[%clk 01:00:45] [%emt
00:00:15]} 2. c4 {[%clk 01:01:10] [%emt 00:00:13]} 2... c6 {[%clk 01:01:09]
[%emt 00:00:07]} 3. Nf3 {[%clk 01:01:14] [%emt 00:00:23]} 3... Nf6 {[%clk
01:01:27] [%emt 00:00:13]} 4. Nc3 {[%clk 01:01:20] [%emt 00:00:24]} 4... e6
{[%clk 01:01:16] [%emt 00:00:43]} 5. e3 {[%clk 01:01:20] [%emt 00:00:28]} 5...
b6 {[%clk 01:01:10] [%emt 00:00:37]} 6. Qc2 {[%clk 01:01:01] [%emt 00:00:49]}
6... Bb7 {[%clk 01:01:03] [%emt 00:00:38]} 7. Be2 {[%clk 01:00:39] [%emt
00:00:50]} 7... Be7 {[%clk 01:00:18] [%emt 00:01:16]} 8. O-O {[%clk 00:59:33]
[%emt 00:01:36]} 8... Nbd7 {[%clk 01:00:13] [%emt 00:00:35]} 9. e4 {[%clk
00:56:20] [%emt 00:03:43]} 9... Rc8 {[%clk 00:59:13] [%emt 00:01:31]} 10. e5
{[%clk 00:55:12] [%emt 00:01:37]} 10... Ng8 {[%clk 00:59:25] [%emt 00:00:18]}
11. cxd5 {[%clk 00:52:27] [%emt 00:03:16]} 11... cxd5 {[%clk 00:59:37] [%emt
00:00:18]} 12. Qb3 {[%clk 00:51:35] [%emt 00:01:21]} 12... f6 {[%clk 00:58:47]
[%emt 00:01:20]} 13. Bf4 {[%clk 00:50:32] [%emt 00:01:32]} 13... fxe5 {[%clk
00:57:05] [%emt 00:02:13]} 14. dxe5 {[%clk 00:50:24] [%emt 00:00:39]} 14... Nc5
{[%clk 00:55:59] [%emt 00:01:36]} 15. Qd1 {[%clk 00:49:45] [%emt 00:01:09]}
15... Nd7 {[%clk 00:53:21] [%emt 00:03:07]} 16. Nd4 {[%clk 00:49:22] [%emt
00:00:54]} 16... Nf8 {[%clk 00:52:48] [%emt 00:01:05]} 17. Bb5+ {[%clk
00:45:31] [%emt 00:04:20]} 17... Kf7 {[%clk 00:52:18] [%emt 00:01:00]} 18. Qf3
{[%clk 00:45:13] [%emt 00:00:47]} 18... g6 {[%clk 00:51:37] [%emt 00:01:12]}
19. Bh6+ {[%clk 00:45:01] [%emt 00:00:42]} 19... Nf6 {[%clk 00:50:47] [%emt
00:01:21]} 20. Bxf8 {[%clk 00:43:09] [%emt 00:02:22]} 20... Rxf8 {[%clk
00:50:50] [%emt 00:00:28]} 21. exf6 {[%clk 00:42:26] [%emt 00:01:13]} 21...
Bxf6 {[%clk 00:51:05] [%emt 00:00:15]} 22. Qg4 {[%clk 00:37:01] [%emt
00:05:50]} 22... Bxd4 {[%clk 00:49:53] [%emt 00:01:46]} 23. Qxd4 {[%clk
00:37:12] [%emt 00:00:19]} 23... h5 {[%clk 00:46:28] [%emt 00:03:56]} 24. Rae1
{[%clk 00:35:52] [%emt 00:01:48]} 24... Ke7 {[%clk 00:46:01] [%emt 00:00:57]}
25. Qg7+ {[%clk 00:35:40] [%emt 00:00:44]} 25... Rf7 {[%clk 00:45:25] [%emt
00:01:07]} 26. Rxe6+ {[%clk 00:35:41] [%emt 00:00:28]} 26... Kxe6 {[%clk
00:45:04] [%emt 00:00:52]} 27. Re1+ {[%clk 00:36:02] [%emt 00:00:09]} 27... Kf5
{[%clk 00:44:34] [%emt 00:01:00]} 28. Qxf7+ {[%clk 00:36:10] [%emt 00:00:52]}
1-0

[Event "New Zealand Junior Championship"]
[Site "Wellington"]
[Date "2023.01.03"]
[Round "1.9"]
[White "Hou, Shuxin Sandra"]
[Black "Braganza, Nadia"]
[Result "0-1"]
[WhiteElo "891"]
[BlackElo "1838"]

1. e4 {[%clk 01:00:59] [%emt 00:00:02]} 1... c5 {[%clk 01:00:51] [%emt
00:00:08]} 2. Nf3 {[%clk 01:01:20] [%emt 00:00:09]} 2... Nc6 {[%clk 01:01:14]
[%emt 00:00:07]} 3. d4 {[%clk 01:01:40] [%emt 00:00:11]} 3... cxd4 {[%clk
01:01:38] [%emt 00:00:04]} 4. Nxd4 {[%clk 01:01:48] [%emt 00:00:23]} 4... g6
{[%clk 01:01:59] [%emt 00:00:08]} 5. Nc3 {[%clk 01:02:06] [%emt 00:00:12]} 5...
Bg7 {[%clk 01:02:23] [%emt 00:00:07]} 6. Nf3 {[%clk 01:01:54] [%emt 00:00:42]}
6... Nf6 {[%clk 01:02:24] [%emt 00:00:29]} 7. Bb5 {[%clk 01:02:00] [%emt
00:00:25]} 7... Nxe4 {[%clk 00:58:29] [%emt 00:04:23]} 8. Nxe4 {[%clk 01:01:55]
[%emt 00:00:35]} 8... Qa5+ {[%clk 00:58:51] [%emt 00:00:08]} 9. Nc3 {[%clk
01:01:45] [%emt 00:00:40]} 9... Bxc3+ {[%clk 00:58:50] [%emt 00:00:30]} 10. Bd2
{[%clk 01:01:48] [%emt 00:00:27]} 10... Bxd2+ {[%clk 00:58:41] [%emt 00:00:40]}
11. Nxd2 {[%clk 01:01:13] [%emt 00:01:04]} 11... Qxb5 {[%clk 00:58:58] [%emt
00:00:13]} 12. Rb1 {[%clk 01:00:46] [%emt 00:00:58]} 12... d6 {[%clk 00:58:50]
[%emt 00:00:38]} 13. c4 {[%clk 01:00:38] [%emt 00:00:38]} 13... Qe5+ {[%clk
00:58:55] [%emt 00:00:24]} 14. Qe2 {[%clk 00:59:28] [%emt 00:01:40]} 14...
Qxe2+ {[%clk 00:59:09] [%emt 00:00:16]} 15. Kxe2 {[%clk 00:59:36] [%emt
00:00:22]} 15... Bf5 {[%clk 00:59:16] [%emt 00:00:23]} 16. Rbe1 {[%clk
00:59:35] [%emt 00:00:31]} 16... Nd4+ {[%clk 00:59:15] [%emt 00:00:31]} 17. Kf1
{[%clk 00:59:24] [%emt 00:00:40]} 17... Bd3+ {[%clk 00:59:20] [%emt 00:00:26]}
18. Kg1 {[%clk 00:58:58] [%emt 00:00:57]} 18... Ne2+ {[%clk 00:59:35] [%emt
00:00:15]} 19. Rxe2 {[%clk 00:59:10] [%emt 00:00:18]} 19... Bxe2 {[%clk
01:00:00] [%emt 00:00:05]} 20. g3 {[%clk 00:59:11] [%emt 00:00:29]} 20... Rc8
{[%clk 01:00:20] [%emt 00:00:10]} 21. Kg2 {[%clk 00:59:12] [%emt 00:00:29]}
21... Bxc4 {[%clk 01:00:36] [%emt 00:00:14]} 22. Nxc4 {[%clk 00:59:20] [%emt
00:00:23]} 22... Rxc4 {[%clk 01:01:01] [%emt 00:00:05]} 23. b3 {[%clk 00:59:07]
[%emt 00:00:43]} 23... Rc2 {[%clk 01:01:26] [%emt 00:00:05]} 24. h3 {[%clk
00:58:53] [%emt 00:00:44]} 24... Rxa2 {[%clk 01:01:47] [%emt 00:00:09]} 25. Rc1
{[%clk 00:59:08] [%emt 00:00:15]} 25... Kd7 {[%clk 01:02:12] [%emt 00:00:05]}
26. Rc3 {[%clk 00:58:02] [%emt 00:01:37]} 26... Rc8 {[%clk 01:02:32] [%emt
00:00:10]} 27. Rf3 {[%clk 00:56:51] [%emt 00:01:41]} 27... f5 {[%clk 01:02:48]
[%emt 00:00:14]} 28. g4 {[%clk 00:56:45] [%emt 00:00:36]} 28... fxg4 {[%clk
01:02:56] [%emt 00:00:22]} 29. hxg4 {[%clk 00:56:49] [%emt 00:00:24]} 29...
Rcc2 {[%clk 01:03:14] [%emt 00:00:13]} 30. Rf7 {[%clk 00:55:05] [%emt
00:02:15]} 30... Ke6 {[%clk 01:03:33] [%emt 00:00:10]} 31. Rxh7 {[%clk
00:55:16] [%emt 00:00:18]} 31... Rxf2+ {[%clk 01:03:57] [%emt 00:00:06]} 32.
Kg3 {[%clk 00:54:58] [%emt 00:00:48]} 32... d5 {[%clk 01:04:04] [%emt
00:00:23]} 33. Rg7 {[%clk 00:52:39] [%emt 00:02:48]} 33... d4 {[%clk 01:04:19]
[%emt 00:00:15]} 34. Rxg6+ {[%clk 00:51:29] [%emt 00:01:39]} 34... Kd5 {[%clk
01:04:42] [%emt 00:00:07]} 35. Rh6 {[%clk 00:50:33] [%emt 00:01:26]} 35... d3
{[%clk 01:03:51] [%emt 00:01:21]} 36. Rh1 {[%clk 00:50:47] [%emt 00:00:16]}
36... Rfc2 {[%clk 01:03:38] [%emt 00:00:43]} 37. Kf4 {[%clk 00:50:09] [%emt
00:01:08]} 37... d2 {[%clk 01:04:01] [%emt 00:00:08]} 38. g5 {[%clk 00:49:48]
[%emt 00:00:51]} 38... Rc1 {[%clk 01:04:19] [%emt 00:00:12]} 39. Ke3 {[%clk
00:49:18] [%emt 00:01:00]} 39... Rxh1 {[%clk 01:04:39] [%emt 00:00:10]} 40. g6
{[%clk 00:49:08] [%emt 00:00:40]} 40... d1=Q {[%clk 01:05:00] [%emt 00:00:09]}
41. g7 {[%clk 00:49:08] [%emt 00:00:29]} 41... Qd4+ {[%clk 01:05:26] [%emt
00:00:04]} 42. Kf3 {[%clk 00:48:35] [%emt 00:01:03]} 42... Rh3# {[%clk
01:05:45] [%emt 00:00:10]} 0-1

[Event "New Zealand Junior Championship"]
[Site "Wellington"]
[Date "2023.01.03"]
[Round "1.11"]
[White "Ma, Roy"]
[Black "Barnett-Harris, Lucas"]
[Result "0-1"]
[WhiteElo "445"]
[BlackElo "1769"]

1. e4 c5 {[%clk 01:00:56] [%emt 00:00:03]} 2. Nf3 {[%clk 01:01:25] [%emt
00:00:04]} 2... Nc6 {[%clk 01:01:21] [%emt 00:00:07]} 3. Nc3 {[%clk 01:01:43]
[%emt 00:00:10]} 3... e6 {[%clk 01:01:39] [%emt 00:00:12]} 4. d3 {[%clk
01:02:08] [%emt 00:00:06]} 4... Nf6 {[%clk 01:01:58] [%emt 00:00:09]} 5. b3
{[%clk 01:02:33] [%emt 00:00:07]} 5... d5 {[%clk 01:01:24] [%emt 00:01:03]} 6.
exd5 {[%clk 01:02:27] [%emt 00:00:36]} 6... exd5 {[%clk 01:01:48] [%emt
00:00:07]} 7. Bg5 {[%clk 01:02:47] [%emt 00:00:10]} 7... Be7 {[%clk 01:02:05]
[%emt 00:00:13]} 8. Qe2 {[%clk 01:03:09] [%emt 00:00:08]} 8... O-O {[%clk
01:02:19] [%emt 00:00:17]} 9. Bxf6 {[%clk 01:03:23] [%emt 00:00:15]} 9... Bxf6
{[%clk 01:02:38] [%emt 00:00:10]} 10. Qd2 {[%clk 01:03:36] [%emt 00:00:17]}
10... Bg4 {[%clk 01:00:55] [%emt 00:02:14]} 11. O-O-O {[%clk 01:03:48] [%emt
00:00:17]} 11... Qa5 {[%clk 00:59:20] [%emt 00:02:05]} 12. Nxd5 {[%clk
01:03:59] [%emt 00:00:19]} 12... Qxa2 {[%clk 00:59:21] [%emt 00:00:30]} 13.
Nxf6+ {[%clk 01:04:21] [%emt 00:00:07]} 13... gxf6 {[%clk 00:59:35] [%emt
00:00:16]} 14. Qc3 {[%clk 01:04:42] [%emt 00:00:09]} 14... Nd4 {[%clk 00:58:57]
[%emt 00:01:09]} 15. Nxd4 {[%clk 01:04:51] [%emt 00:00:20]} 15... cxd4 {[%clk
00:58:49] [%emt 00:00:38]} 16. Qxd4 {[%clk 01:05:04] [%emt 00:00:17]} 16...
Bxd1 {[%clk 00:59:05] [%emt 00:00:14]} 17. Kxd1 {[%clk 01:05:31] [%emt
00:00:02]} 17... Rfe8 {[%clk 00:58:59] [%emt 00:00:36]} 18. Qxf6 {[%clk
01:05:53] [%emt 00:00:08]} 18... Qb1+ {[%clk 00:59:13] [%emt 00:00:17]} 19. Kd2
{[%clk 01:06:13] [%emt 00:00:10]} 19... Qe1# {[%clk 00:59:33] [%emt 00:00:10]}
0-1

[Event "New Zealand Junior Championship"]
[Site "Wellington"]
[Date "2023.01.04"]
[Round "2.1"]
[White "Gong, Daniel Hanwen"]
[Black "Qi, Jenny"]
[Result "1-0"]
[WhiteElo "2388"]
[BlackElo "1556"]

1. c4 {[%clk 01:00:57] [%emt 00:00:02]} 1... Nf6 {[%clk 01:00:56] [%emt
00:00:05]} 2. Nc3 {[%clk 01:01:24] [%emt 00:00:04]} 2... d5 {[%clk 01:01:21]
[%emt 00:00:05]} 3. cxd5 {[%clk 01:01:40] [%emt 00:00:13]} 3... Nxd5 {[%clk
01:01:41] [%emt 00:00:10]} 4. g3 {[%clk 01:02:07] [%emt 00:00:03]} 4... g6
{[%clk 01:01:37] [%emt 00:00:34]} 5. Bg2 {[%clk 01:02:34] [%emt 00:00:05]} 5...
Nb6 {[%clk 01:01:59] [%emt 00:00:07]} 6. Nf3 {[%clk 01:02:54] [%emt 00:00:09]}
6... Bg7 {[%clk 01:02:12] [%emt 00:00:18]} 7. O-O {[%clk 01:03:00] [%emt
00:00:23]} 7... O-O {[%clk 01:02:34] [%emt 00:00:08]} 8. d3 {[%clk 01:03:17]
[%emt 00:00:13]} 8... Nc6 {[%clk 01:02:20] [%emt 00:00:44]} 9. Be3 {[%clk
01:03:30] [%emt 00:00:17]} 9... Bf5 {[%clk 01:00:13] [%emt 00:02:37]} 10. Qd2
{[%clk 01:02:57] [%emt 00:01:03]} 10... Qd7 {[%clk 00:59:52] [%emt 00:00:51]}
11. Rfc1 {[%clk 01:02:17] [%emt 00:01:11]} 11... Rfd8 {[%clk 00:58:38] [%emt
00:01:44]} 12. Bh6 {[%clk 01:00:33] [%emt 00:02:13]} 12... Bg4 {[%clk 00:56:24]
[%emt 00:02:44]} 13. Bxg7 {[%clk 01:00:56] [%emt 00:00:08]} 13... Kxg7 {[%clk
00:56:26] [%emt 00:00:28]} 14. Ne4 {[%clk 01:01:12] [%emt 00:00:13]} 14... Bxf3
{[%clk 00:50:00] [%emt 00:06:56]} 15. Nc5 {[%clk 00:59:48] [%emt 00:01:54]}
15... Qd4 {[%clk 00:48:30] [%emt 00:01:59]} 16. Bxf3 {[%clk 01:00:14] [%emt
00:00:05]} 16... Nc4 {[%clk 00:36:22] [%emt 00:12:37]} 17. Qc3 {[%clk 01:00:16]
[%emt 00:00:29]} 17... Qxc3 {[%emt 00:02:51]} 18. Rxc3 {[%clk 01:00:34] [%emt
00:00:02]} 18... N4e5 {[%clk 00:33:56] [%emt 00:00:45]} 19. Nxb7 {[%clk
01:00:34] [%emt 00:00:29]} 19... Nxf3+ {[%clk 00:34:02] [%emt 00:00:24]} 20.
exf3 {[%clk 01:01:01] [%emt 00:00:04]} 20... Rdb8 {[%clk 00:34:11] [%emt
00:00:21]} 21. Rxc6 {[%clk 01:01:16] [%emt 00:00:14]} 21... Rxb7 {[%clk
00:34:35] [%emt 00:00:06]} 22. b3 {[%clk 01:01:40] [%emt 00:00:06]} 22... Rd8
{[%clk 00:34:45] [%emt 00:00:20]} 23. Rc3 {[%clk 01:02:06] [%emt 00:00:04]}
23... Rd6 {[%clk 00:34:31] [%emt 00:00:44]} 24. Rac1 {[%clk 01:02:30] [%emt
00:00:07]} 24... Ra6 {[%clk 00:32:50] [%emt 00:02:11]} 25. Rxc7 {[%clk
01:02:43] [%emt 00:00:17]} 25... Rxc7 {[%clk 00:32:20] [%emt 00:01:00]} 26.
Rxc7 {[%clk 01:03:08] [%emt 00:00:05]} 26... Rxa2 {[%clk 00:32:45] [%emt
00:00:04]} 27. Rxe7 {[%clk 01:03:34] [%emt 00:00:04]} 27... Rd2 {[%clk
00:32:57] [%emt 00:00:18]} 28. Rd7 {[%clk 01:04:00] [%emt 00:00:04]} 28... Rb2
{[%clk 00:33:08] [%emt 00:00:19]} 29. Rxa7 {[%clk 01:04:27] [%emt 00:00:04]}
29... Rxb3 {[%clk 00:33:33] [%emt 00:00:05]} 30. Rd7 {[%clk 01:04:52] [%emt
00:00:05]} 30... Kf6 {[%clk 00:33:38] [%emt 00:00:25]} 31. f4 {[%clk 01:05:13]
[%emt 00:00:09]} 31... Rb4 {[%clk 00:33:41] [%emt 00:00:27]} 32. Kg2 {[%clk
01:05:36] [%emt 00:00:07]} 32... Ke6 {[%clk 00:33:58] [%emt 00:00:13]} 33. Rd8
{[%clk 01:06:03] [%emt 00:00:04]} 33... Ke7 {[%clk 00:34:19] [%emt 00:00:09]}
34. Rc8 {[%clk 01:05:44] [%emt 00:00:48]} 34... Rb3 {[%clk 00:34:26] [%emt
00:00:25]} 35. Rc7+ {[%clk 01:05:49] [%emt 00:00:25]} 35... Ke8 {[%clk
00:34:23] [%emt 00:00:33]} 36. d4 {[%clk 01:06:01] [%emt 00:00:18]} 36... Rb4
{[%clk 00:34:47] [%emt 00:00:05]} 37. d5 {[%clk 01:06:25] [%emt 00:00:06]}
37... Rb5 {[%clk 00:35:13] [%emt 00:00:05]} 38. d6 {[%clk 01:06:51] [%emt
00:00:04]} 38... Rb6 {[%clk 00:35:27] [%emt 00:00:16]} 39. Rc8+ {[%clk
01:06:45] [%emt 00:00:34]} 39... Kd7 {[%clk 00:35:24] [%emt 00:00:36]} 40. Rf8
{[%clk 01:07:10] [%emt 00:00:04]} 40... f5 {[%clk 00:34:10] [%emt 00:01:45]}
41. Rf7+ {[%clk 01:07:36] [%emt 00:00:05]} 41... Kxd6 {[%clk 00:34:34] [%emt
00:00:05]} 42. Rxh7 {[%clk 01:08:04] [%emt 00:00:02]} 42... Ke6 {[%clk
00:34:42] [%emt 00:00:22]} 43. h4 {[%clk 01:08:28] [%emt 00:00:06]} 43... Kf6
{[%clk 00:35:08] [%emt 00:00:04]} 44. h5 {[%clk 01:08:55] [%emt 00:00:03]}
44... Re6 {[%clk 00:35:20] [%emt 00:00:18]} 45. Rh6 {[%clk 01:09:19] [%emt
00:00:05]} 45... Kg7 {[%clk 00:35:30] [%emt 00:00:22]} 46. Rxg6+ {[%clk
01:09:45] [%emt 00:00:04]} 46... Rxg6 {[%clk 00:35:53] [%emt 00:00:07]} 47.
hxg6 {[%clk 01:10:13] [%emt 00:00:03]} 47... Kxg6 {[%clk 00:36:15] [%emt
00:00:07]} 48. Kf3 {[%clk 01:10:40] [%emt 00:00:03]} 48... Kh5 {[%clk 00:35:59]
[%emt 00:00:46]} 49. Ke3 {[%clk 01:11:08] [%emt 00:00:02]} 49... Kh6 {[%clk
00:36:07] [%emt 00:00:22]} 50. Kd4 {[%clk 01:11:35] [%emt 00:00:03]} 50... Kg6
{[%clk 00:36:32] [%emt 00:00:05]} 51. Ke5 {[%clk 01:12:03] [%emt 00:00:02]}
51... Kg7 {[%clk 00:36:52] [%emt 00:00:10]} 52. Kxf5 {[%clk 01:12:30] [%emt
00:00:03]} 52... Kf7 {[%clk 00:37:18] [%emt 00:00:05]} 53. g4 {[%clk 01:12:57]
[%emt 00:00:03]} 53... Kg7 {[%clk 00:37:42] [%emt 00:00:06]} 54. Ke6 {[%clk
01:13:23] [%emt 00:00:04]} 54... Kf8 {[%clk 00:38:07] [%emt 00:00:06]} 55. f5
{[%clk 01:13:50] [%emt 00:00:03]} 55... Ke8 {[%clk 00:38:32] [%emt 00:00:05]}
56. f6 {[%clk 01:14:16] [%emt 00:00:04]} 56... Kf8 {[%clk 00:38:57] [%emt
00:00:05]} 57. f7 {[%clk 01:14:42] [%emt 00:00:04]} 57... Kg7 {[%clk 00:39:23]
[%emt 00:00:04]} 58. Ke7 {[%clk 01:15:06] [%emt 00:00:06]} 58... Kh7 {[%clk
00:39:47] [%emt 00:00:06]} 59. f8=Q {[%clk 01:15:27] [%emt 00:00:09]} 59... Kg6
{[%clk 00:40:12] [%emt 00:00:04]} 60. Qf5+ {[%clk 01:15:53] [%emt 00:00:04]}
60... Kg7 {[%clk 00:40:36] [%emt 00:00:05]} 61. Qf6+ {[%clk 01:16:16] [%emt
00:00:07]} 61... Kg8 {[%clk 00:41:03] [%emt 00:00:05]} 62. Qg5+ {[%clk
01:16:36] [%emt 00:00:11]} 62... Kh8 {[%clk 00:41:26] [%emt 00:00:06]} 63. Kf7
{[%clk 01:17:02] [%emt 00:00:03]} 63... Kh7 {[%clk 00:41:52] [%emt 00:00:05]}
64. Qg7# {[%clk 01:17:27] [%emt 00:00:04]} 1-0